1208 1497 1444 1951 1752 1737 1725 1383 1454 1363 1607 1373 1439 1726 1029 1065 1629 1071 1366 1141 1325 1909 1918 1672 1945 1010 1855 1397 1018 1501 1838 1286 1129 1541 1379 1612 1560 1755 1813 1848 1462 1310 1241 1610 1830 1307 1678 1133 1951 1303 1356 1034 1436 1393 1216 1005 1098 1995 1022 1600 1716 1518 1500 1202 1327 1780 1420 1600 1604 1104 1233 1498 1426 1672 1097 1300 1178 1208 1471 1127 1916 1481 1722 1191 1073 1145 1407 1639 1135 1282 1582 1047 1401 1438 1666 1670 1474 1916 1231 BCNSPRNW ULIB Ver.6.0+V

เปลี่ยนเป็นภาษาไทย

Change to English
 แสดงรายละเอียดบรรณานุกรม
  กลับหน้าหลัก

Brief Record : Get Marc (ISO 2709) : E-mail record : QR code < ปิดหน้าต่าง
LEADER : 00000nam 2200000uu 4500
001    13399124725
003     ULIB
008    160208s2558||||th 000 0 tha d
020    9786161127404
060 04 ^aWA900.JT3^bส356
245 00 ^aสรุปรายงานการป่วย พ.ศ. 2557 /^cสำนักนโยบายและยุทธศาสตร์ กระทรวงสาธารณสุข
260    ^aนนทบุรี :^bสำนักนโยบายและยุทธ,^c2558
300    ^aก-จ, 179 หน้า :^bตาราง แผนภูมิ;^c30 ซม.
310    ^aรายปี,^b2556
650  4 ^aความเจ็บป่วย^zไทย^vสถิติ
650  4 ^aโรค^vสถิติ
710 2  ^aสำนักนโยบายและยุทธศาสตร์
945    ^p0^l0^i000278
945    ^p0^l0^i000279
999    ^aเกษร โพธิ์สุวรรณ
รายการนี้ยังไม่มีแท็ก
คุณยังไม่ได้ล็อกอิน คุณสามารถมีกิจกรรมร่วมกับเว็บไซต์ได้ แต่ต้องล็อกอินก่อน ::
  ล็อกอิน

รายการสื่อสารสนเทศ

ลำดับที่ ประเภท เลขเรียก/บาร์โค้ด สถานที่ สถานะ
1. วิทยาศาสตร์การแพทย์ และสุขภาพ
วิทยาศาสตร์การแพทย์ และสุขภาพ
สถานะ=หนังสือเก่า
WA900.JT3 ส356 ฉ.1 
  Barcode: 000278
ห้องสมุดวิทยาเขตสวรรค์ประชารักษ์
►ส่วนจัดเก็บหนังสือเก่า สปร
บนชั้น
  ขอยืม
2. วิทยาศาสตร์การแพทย์ และสุขภาพ
วิทยาศาสตร์การแพทย์ และสุขภาพ
สถานะ=หนังสือเก่า
WA900.JT3 ส356 ฉ.2 
  Barcode: 000279
ห้องสมุดวิทยาเขตสวรรค์ประชารักษ์
►ส่วนจัดเก็บหนังสือเก่า สปร
บนชั้น
  ขอยืม

BibComment


ยังไม่เคยถูกคอมเมนท์

คอมเมนท์ทรัพยากรรายการนี้
  คอมเมนท์: สรุปรายงานการป่ว..


 Copyright 2026. Bcnsprnw @Library